New light on Central Asia / (Record no. 187113)
[ view plain ]
| 000 -LEADER | |
|---|---|
| fixed length control field | 01102 a2200193 4500 |
| 003 - CONTROL NUMBER IDENTIFIER | |
| control field | Nust |
| 005 - DATE AND TIME OF LATEST TRANSACTION | |
| control field | 20230209151048.0 |
| 010 ## - LIBRARY OF CONGRESS CONTROL NUMBER | |
| LC control number | 93930703 |
| 020 ## - INTERNATIONAL STANDARD BOOK NUMBER | |
| International Standard Book Number | 9693502949 : |
| 040 ## - CATALOGING SOURCE | |
| Transcribing agency | Nust |
| 082 00 - DEWEY DECIMAL CLASSIFICATION NUMBER | |
| Classification number | 958,DAY |
| 100 1# - MAIN ENTRY--PERSONAL NAME | |
| Personal name | Dani, Ahmad Hasan. |
| 9 (RLIN) | 3723 |
| 245 10 - TITLE STATEMENT | |
| Title | New light on Central Asia / |
| Statement of responsibility, etc. | Ahmad Hasan Dani. |
| 260 ## - PUBLICATION, DISTRIBUTION, ETC. | |
| Place of publication, distribution, etc. | Lahore, Pakistan : |
| Name of publisher, distributor, etc. | Sang-e-Meel Publications, |
| Date of publication, distribution, etc. | 1993. |
| 300 ## - PHYSICAL DESCRIPTION | |
| Extent | 208 p. : |
| Other physical details | col. ill. ; |
| Dimensions | 22 cm. |
| 505 ## - FORMATTED CONTENTS NOTE | |
| Formatted contents note | Central Asia and Pakistan Through the Ages (Page-9), Cultural Links Between Central Asia and Pakistan (Page-29), Emergence of Independent State in Central Asia (Page-47), Central Asia : Emergence of Modern States (Page-57), Resurgence of Central Asia (Page-83), Communication Between Pakistan and Central Asian Republics –A Historical Perspective (Page-99), Independence Day of the Central Asian State (Page-107), Tajikistan Today (Page-117), Future of Democracy in Central Asia (Page-125), Central Asian and ECO (Page-137), Pilgrimage to Bokhara (Page-149), Bazm-i-Dushanbe (Page-175). |
| 651 #0 - SUBJECT ADDED ENTRY--GEOGRAPHIC NAME | |
| Geographic name | Asia, Central |
| General subdivision | History. |
| 9 (RLIN) | 108816 |
| 942 ## - ADDED ENTRY ELEMENTS (KOHA) | |
| Source of classification or shelving scheme | |
| Koha item type | Book |
| Withdrawn status | Lost status | Source of classification or shelving scheme | Damaged status | Not for loan | Permanent Location | Current Location | Shelving location | Date acquired | Full call number | Barcode | Date last seen | Price effective from | Koha item type | Public note |
|---|---|---|---|---|---|---|---|---|---|---|---|---|---|---|
| Military College of Signals (MCS) | Military College of Signals (MCS) | General Stacks | 12/12/2016 | 958,DAN | MCS1958 | 12/08/2016 | 12/12/2016 | Book | Almirah No.62, Shelf No.4 |
